000 00325nam a2200145Ia 4500
005 20251222153550.0
008 251222s9999||||xx |||||||||||||| ||spa||
020 _a8447323714
082 _a940.534.92/F81
100 _aFrank, Ana
245 0 _aEl Diario de Ana Frank
250 _a1ra.ed.
264 _bRBA
942 _cLIB
999 _c30819
_d30819